Winfield and jolowicz on tort (Record no. 295973)

MARC details
000 -LEADER
fixed length control field 00422nam a2200169Ia 4500
005 - DATE AND TIME OF LATEST TRANSACTION
control field 20250128155454.0
008 - FIXED-LENGTH DATA ELEMENTS--GENERAL INFORMATION
fixed length control field 240126s9999 xx 000 0 und d
020 ## - INTERNATIONAL STANDARD BOOK NUMBER
International Standard Book Number 9789393702746
082 ## - DEWEY DECIMAL CLASSIFICATION NUMBER
Classification number 346.03 GOU;
100 ## - MAIN ENTRY--PERSONAL NAME
Personal name Goudkamp, James. Nolan, Donal.
245 #0 - TITLE STATEMENT
Title Winfield and jolowicz on tort
250 ## - EDITION STATEMENT
Edition statement 20th ed
260 ## - PUBLICATION, DISTRIBUTION, ETC. (IMPRINT)
Name of publisher, distributor, etc. Thomson Ruters
Place of publication, distribution, etc. London
300 ## - PHYSICAL DESCRIPTION
Extent cxliii, 804
440 ## - SERIES STATEMENT/ADDED ENTRY--TITLE
Title NULL
942 ## - ADDED ENTRY ELEMENTS (KOHA)
Koha item type Law Books
Holdings
Date last seen Total Checkouts Full call number Accession number Volume/Issue Number Cost, replacement price Price effective from Category Lost status Source of classification or shelving scheme Damaged status Department Withdrawn status bill no. Permanent Location Current Location Shelving location Entry date Vendor Cost, normal purchase price Grants Currency symbol Conversion rate Discount Discount type
26/01/2024   346.03 GOU;1 R LL2891 (12/07/1905) 1012.50 26/01/2024 Law Books   Dewey Decimal Classification   LAW   662 Law Library Law Library   09/10/2023 MPP House 1350.00 Law RS 1 25 Percentage

© For any Suggestions or Query, please contact the library staff @ librarian@pes.edu or Phone: +9180 2672 1983/ 2108.